|
|
|
|
| LEADER |
00000nas a22000008a 4500 |
| 001 |
ssj0000991563 |
| 003 |
WaSeSS |
| 005 |
20200512172242.0 |
| 006 |
m d |
| 007 |
cr n |
| 008 |
110815c20119999mnubr p s 0 a0eng |
| 010 |
|
|
|a 2011203047
|
| 022 |
|
|
|y 2162-884X
|
| 035 |
|
|
|a (WaSeSS)ssj0000991563
|
| 037 |
|
|
|b InnoVision Health Media, PO Box 11677, Saint Paul, MN 55111
|
| 040 |
|
|
|a DLC
|b eng
|c DLC
|d OCoLC
|d CaNSHD
|d InG
|d OCLCF
|d OCLCO
|d CU-S
|d WaSeSS
|
| 042 |
|
|
|a msc
|
| 050 |
|
4 |
|a R733
|
| 130 |
0 |
|
|a Alternative medicine (Saint Paul, Minn.)
|
| 245 |
1 |
0 |
|a Alternative medicine
|h [electronic resource].
|
| 260 |
|
|
|a Saint Paul, MN :
|b InnoVision Health Media
|
| 263 |
|
|
|a 201108
|
| 310 |
|
|
|a Bimonthly
|
| 506 |
|
|
|a License restrictions may limit access.
|
| 588 |
|
|
|a Relaunch of earlier title: Alternative medicine ISSN 1081-4000 ; which was continued by: Natural Solutions in 2008. Natural Solutions will continue to be published.
|
| 650 |
|
0 |
|a Alternative medicine
|v Periodicals.
|
| 650 |
|
7 |
|a Alternative medicine.
|2 fast
|0 (OCoLC)fst00806153
|
| 655 |
|
0 |
|a Electronic journals.
|
| 856 |
4 |
0 |
|z Full text available from Research Library: 09/01/2012 to present
|u https://search.proquest.com/publication/2030010
|